000 01251nam a2200289 i 4500
003 EG-ScBUE
005 20240714130843.0
008 100621s1972 ua f b 000 0 ara d
017 _a1972 / 5191
040 _aEG-ScBUE
_bara
_erda
_cEG-ScBUE
_dEG-ScBUE
082 0 4 _222
_a909.09767
_bق ا ض
100 1 _914998
_aقاضي، عمر مختار،
_eمؤلف.
245 1 0 _aأثر المدنية الإسلامية في الحضارة الغربية /
_cتأليف الدكتور مختار القاضي.
264 1 _a[القاهرة] :
_bالمجلس الأعلى للشؤون الإسلامية، لجنة التعريف بالإسلام،
_c[1972]
300 _a268 صفحة ؛
_c27 سم.
336 _2rdacontent
_aنص
_btxt
337 _aبدون وسيط
_2rdamedia
_bn
338 _aمجلد
_bnc
_2rdacarrier
490 0 _aلجنة التعريف بالإسلام ؛
_v92
504 _aيشتمل على إرجاعات ببليوجرافية.
650 7 _98635
_aالحضارة الإسلامية.
_2BUEsh
650 7 _98768
_aالتاريخ الإسلامي.
_2BUEsh
650 7 _914689
_aالثقافة الإسلامية.
_2BUEsh
650 7 _914999
_aالآثار الإسلامية.
_2BUEsh
655 _vReading book
942 _2ddc
_cBB
999 _c14149
_d14149